Top 50 Most Followed Instagram Accounts - Statistics

General Stats
  • This quiz has been taken 36 times
  • The average score is 19 of 50
Answer Stats
Top Celebrities/Brands Nationalities % Correct
2 Cristiano Ronaldo Portugal
94%
3 Lionel Messi Argentina
90%
1 Instagram Global (USA)
87%
14 Taylor Swift USA
84%
43 Karol G Colombia
77%
5 Kylie Jenner USA
77%
8 Kim Kardashian USA
74%
12 Justin Bieber Canada
71%
13 Kendall Jenner USA
71%
28 Rihanna Barbados
71%
4 Selena Gomez USA
71%
10 Khloé Kardashian USA
65%
19 Neymar Brazil
65%
21 Kourtney Kardashian USA
58%
9 Beyoncé USA
55%
26 LeBron James USA
55%
31 Shakira Colombia
55%
30 Drake Canada
52%
6 Dwayne Johnson USA
48%
7 Ariana Grande USA
45%
47 Dua Lipa UK / Albania
45%
18 Nicki Minaj Trinidad & Tobago / USA
45%
39 Khaby Lame Italy / Senegal
42%
17 Jennifer Lopez USA
35%
22 Katy Perry USA
35%
24 Kevin Hart USA
32%
25 Cardi B USA
26%
34 Lisa (BLACKPINK) Thailand
26%
32 Billie Eilish USA
23%
16 Virat Kohli India
23%
23 Zendaya USA
23%
45 David Beckham UK
19%
15 National Geographic USA
19%
11 Nike USA
19%
41 Gal Gadot Israel
16%
44 Snoop Dogg USA
16%
27 Demi Lovato USA
10%
35 Priyanka Chopra India
10%
42 Will Smith USA
10%
40 Bella Hadid USA
6%
38 Gigi Hadid USA
6%
20 Miley Cyrus USA
6%
48 Alia Bhatt India
3%
49 Anushka Sharma India
3%
50 Deepika Padukone India
3%
37 Jacqueline Fernandez Sri Lanka
3%
46 Millie Bobby Brown UK
3%
33 Vin Diesel USA
3%
29 Chris Brown USA
0%
36 Shraddha Kapoor India
0%
No matching quizzes found
Score Distribution
Percent of People with Each Score
Percentile by Number Answered
Your Score History
You have not taken this quiz